| 000 | 00512nam a2200169Ia 4500 | ||
|---|---|---|---|
| 008 | 230917s9999||||xx |||||||||||||| ||und|| | ||
| 020 | _cRS1100 | ||
| 040 |
_e224917 _aMAIN |
||
| 041 | _aEnglish | ||
| 082 | _a301.09542 M261S | ||
| 100 | _aMadan, T N, ed. | ||
| 245 | 0 | _aSociology at the university of Lucknow: The first half century (1921-1975) | |
| 260 |
_aNew Delhi _bOxford University Press _c2013 |
||
| 300 | _axiv, 396 p. | ||
| 500 | _a1973 13/02/2015 HBD6313 25/02/2015 Sociology UGC SAP | ||
| 942 | _cBK | ||
| 999 |
_c14698 _d14698 |
||